| 000 | 00480nam a2200181Ia 4500 | ||
|---|---|---|---|
| 008 | 180207s9999 xx 000 0 und d | ||
| 020 | _a763622109 | ||
| 050 | _bA596 2003 | ||
| 100 | _aAnholt, Catherine. | ||
| 245 | _aBig book of little children / | ||
| 245 | _cCatherine Anholt and Laurence Anholt. | ||
| 250 | _aFirst edition. | ||
| 260 | _aMassachusettes : | ||
| 260 | _bCandlewick Press, | ||
| 260 | _c2003 | ||
| 300 | _a79 pages : | ||
| 300 | _bcolor illustration ; | ||
| 999 |
_c355066 _d355066 |
||